| 000 | 00344nam a22001457a 4500 | ||
|---|---|---|---|
| 003 | OSt | ||
| 005 | 20220203093504.0 | ||
| 008 | 220203b |||||||| |||| 00| 0 eng d | ||
| 020 | _a8125920633 | ||
| 040 | _cHU | ||
| 082 |
_23rd _a621.3815 _b1 |
||
| 100 |
_aSalivahanan S. _929572 |
||
| 245 | _aDigital Circuits And Design | ||
| 942 |
_2ddc _cBOOKS _n0 |
||
| 999 |
_c29061 _d29061 |
||